000 00720nam a2200289Ia 4500
005 20260324133827.0
008 008 260324s9999 xx 000 0 eng d
020 _a9781315029146
037 _aEBOOK
040 _aCRL
040 _beng
040 _cCRL
041 _2eng
041 _aeng
084 _qCRL
100 _aLeo Douw; Cen Huang; David Ip
_91194549
245 0 _aRethinking Chinese Transnational Enterprises
245 0 _bCultural Affinity and Business Strategies
260 _bTaylor and Francis
260 _c2002
365 _a
365 _b315
856 _uhttp://www.taylorfrancis.com/books/9781315029146
942 _cEBOOK
999 _c1793988
_d1793988